| 000 | 01059nam a2200253 a 4500 | ||
|---|---|---|---|
| 001 | 82322 | ||
| 003 | BD-RjUL | ||
| 005 | 20231121105417.0 | ||
| 008 | 231121s2021 bg a|||| m||| 00| 0 eng d | ||
| 035 | _a(BD-RjUL)82322 | ||
| 040 |
_aBD-RjUL _beng _cBD-RjUL _dBD-RjUL |
||
| 041 | _aeng | ||
| 082 |
_223 _a378.013 _bRAP 2021 |
||
| 100 |
_aRahman, Fahmida _910131 |
||
| 245 | 1 | 0 |
_aPatterns, Problems and Prospects of Higher Business Education in Bangladesh : _bA Study on Selected Universities / _cFahmida Rahman _6Supervisor : Salma Banu,Co-Supervisor : A.N.M. Jahangir Kabir |
| 260 |
_aRajshahi : _bInstitute of Education and Research,University of Rajshahi _c2021 |
||
| 300 |
_a[24], 350 leaves : _bill.; _c29 cm. |
||
| 502 | _aThesis(Ph.D.)-- Institute of Education and Research,University of Rajshahi,2021 | ||
| 504 | _aReference and Questionnaires : Leaves 328-350 | ||
| 650 |
_aHigher Education _xBusiness _zBangladesh _910132 |
||
| 700 |
_aBanu, Salma, Supervisor _910133 |
||
| 700 |
_aKabir, A.N.M. Jahangir, Co-Supervisor _910134 |
||
| 942 |
_2ddc _cTHE |
||
| 999 |
_c82322 _d82322 |
||